[Event "Weijers OHK op"]
[Site "Weijers"]
[Date "2003.??.??"]
[Round "1"]
[White "Hoogenhout, Simon"]
[Black "Nelissen, Andy"]
[Result "0-1"]
[WhiteElo "1755"]
[BlackElo "1790"]
[PlyCount "102"]
[EventDate "2003.??.??"]
[EventType "swiss"]
[EventRounds "7"]
[EventCountry "NED"]
[SourceTitle "EXT 2007"]
[Source "ChessBase"]
[SourceDate "2006.11.23"]
[SourceVersion "1"]
[SourceVersionDate "2006.11.23"]
[SourceQuality "1"]

1. e4 Nf6 2. e5 Nd5 3. d4 d6 4. f4 Bf5 5. Nf3 e6 6. Bd3 Bxd3 7. Qxd3 Nc6 8. a3 dxe5 9. fxe5 Be7 10. 0-0 0-0 11. c4 Nb6 12. Nc3 f6 13. Ne4 fxe5 14. Neg5 Bxg5 15. Bxg5 Qd7 16. c5 Nc8 17. Be3 N8e7 18. Ng5 g6 19. Qb3 Nxd4 20. Qxb7 Ne2+ 21. Kh1 Nf5 22. Rxf5 exf5 23. c6 Qe7 24. Qb3+ Kh8 25. Qc4 f4 26. Nf3 Ng3+ 27. hxg3 fxe3 28. Re1 Qg7 29. Qe4 Rf5 30. Qxe3 Raf8 31. Kg1 Qf6 32. Nxe5 Rf1+ 33. Rxf1 Qxf1+ 34. Kh2 Rf5 35. Nf3 Rh5+ 36. Nh4 Qf8 37. Qxa7 Qd6 38. Kg1 Qc5+ 39. Qxc5 Rxc5 40. Kf2 Rxc6 41. Ke3 Rc2 42. Kd4 Rxb2 43. Kc3 Re2 44. Kc4 g5 45. Nf5 Rxg2 46. a4 Rf2 47. Nd4 h5 48. a5 h4 49. gxh4 gxh4 50. a6 h3 51. a7 Ra2 0-1